Filosofía de la historia y teoría de la civilización / (Record no. 22491)

MARC details
000 -LEADER
campo de control de longitud fija 00490nam a2200169 i 4500
001 - NÚMERO DE CONTROL
campo de control 22491
003 - IDENTIFICADOR DE NÚMERO DE CONTROL
campo de control ES-MaACL
005 - FECHA Y HORA DE LA ÚLTIMA TRANSACCIÓN
campo de control 20230906152715.0
007 - CAMPO FIJO DE DESCRIPCIÓN FÍSICA--INFORMACIÓN GENERAL
campo de control de longitud fija t|
008 - DATOS DE LONGITUD FIJA--INFORMACIÓN GENERAL
campo de control de longitud fija 021203s1916 sp ||||1| spa d
100 1# - ENTRADA PRINCIPAL--NOMBRE DE PERSONA
Nombre de persona Altamira, Rafael,
Fechas asociadas al nombre 1866-1951
9 (RLIN) 20515
245 10 - MENCIÓN DEL TÍTULO
Título Filosofía de la historia y teoría de la civilización /
Mención de responsabilidad, etc. por Rafael Altamira.
260 ## - PUBLICACIÓN, DISTRIBUCIÓN, ETC.
Lugar de publicación, distribución, etc. Madrid :
Nombre del editor, distribuidor, etc. La Lectura,
Fecha de publicación, distribución, etc. 1916.
300 ## - DESCRIPCIÓN FÍSICA
Extensión 132 p. ;
Dimensiones 19 cm.
852 ## - LOCALIZACIÓN
Ubicación ES-MaACL
Número de control de estantería B-6476
Holdings
Estatus retirado Estado de pérdida Estado de daño No para préstamo Biblioteca de origen Biblioteca actual Ubicación en estantería Fecha de adquisición Fuente de adquisición Total de préstamos Signatura topográfica completa Código de barras Visto por última vez Precio de reemplazo Tipo de ítem Koha
        Biblioteca del Ateneo de Madrid Biblioteca del Ateneo de Madrid Sala Pardo Bazán 17/01/2008     B-6476 1023151 23/02/2023 23/02/2023 Libro impreso